TEXT BOOK OF PRECLINICAL CONSERVATIVE DENTISTRY (Record no. 4865)

MARC details
000 -LEADER
fixed length control field 00382nam a2200133Ia 4500
008 - FIXED-LENGTH DATA ELEMENTS--GENERAL INFORMATION
fixed length control field 150201s2014 xx 000 0 und d
082 ## - DEWEY DECIMAL CLASSIFICATION NUMBER
Classification number 617.6342
Item number P2011G
100 ## - MAIN ENTRY--PERSONAL NAME
Personal name GARG ,NISHA
245 ## - TITLE STATEMENT
Title TEXT BOOK OF PRECLINICAL CONSERVATIVE DENTISTRY
250 ## - EDITION STATEMENT
Edition statement 1ST
260 ## - PUBLICATION, DISTRIBUTION, ETC. (IMPRINT)
Name of publisher, distributor, etc. JAYPEE BROTHERS MEDICAL PUBLISHERS
650 ## - SUBJECT ADDED ENTRY--TOPICAL TERM
Topical term or geographic name as entry element CONSERVATIVE DENTISTRY & ENDODONTICS
942 ## - ADDED ENTRY ELEMENTS (KOHA)
Source of classification or shelving scheme Dewey Decimal Classification
Koha item type Books
Koha issues (borrowed), all copies 1
Holdings
Withdrawn status Lost status Source of classification or shelving scheme Damaged status Not for loan Home library Current library Date acquired Serial Enumeration / chronology SGTU Total Checkouts Full call number Barcode Date last seen Date last checked out Bill Date Koha item type
    Dewey Decimal Classification     SGT Dental Library SGT Dental Library 07/08/2014 1 SGTU 2 617.6342 P2011G FD7057 08/10/2024 04/10/2024 09/02/2015 Books
    Dewey Decimal Classification     SGT Dental Library SGT Dental Library 07/08/2014 1 SGTU 5 617.6342 P2011G FD7058 07/09/2021 31/08/2021 09/02/2015 Books